|
|
|
|
| LEADER |
00000nab a2200000 a 4500 |
| 001 |
vtls000339190 |
| 003 |
SK-MaSNL |
| 005 |
20260305002908.0 |
| 008 |
230120c1988 xo 0 slo |
| 015 |
|
|
|a SNBRB19rr/mm-uuuuu
|
| 035 |
|
|
|a CL0339312
|
| 035 |
|
|
|a urn:nbn:sk:snk-ab25b7
|
| 035 |
|
|
|a (urnnbn)urn:nbn:sk:snk:ar-a01ojr
|
| 035 |
|
|
|a (uuid)99391c4e-1345-419c-b820-74231ff62d54
|
| 040 |
|
|
|a SNKBUCL
|b slo
|c SNKBUCL
|e AACR2
|
| 041 |
0 |
|
|a slo
|
| 044 |
|
|
|a xo
|c SK
|
| 080 |
|
|
|a 78.071.2:785.7
|2 1981
|
| 080 |
|
|
|a 785.7
|2 1981
|
| 080 |
|
|
|a 78.071.1
|2 1981
|
| 080 |
|
|
|a 929 Suchoň, Eugen
|2 1981
|
| 100 |
1 |
|
|a Albrecht, Ján,
|d 1919-1996
|4 aut
|9 36871
|
| 245 |
1 |
0 |
|a Vydarený koncert z komorných diel Eugena Suchoňa
|c Ján Albrecht
|
| 600 |
1 |
7 |
|a Suchoň, Eugen,
|d 1908-1993
|2 snkbucl
|9 107916
|
| 650 |
0 |
7 |
|a komorná hudba
|2 snkbucl
|9 3431
|
| 655 |
|
7 |
|a články z novín a časopisov
|2 snkbucl
|9 267496
|
| 773 |
0 |
|
|t Hudobný život
|g Roč. 20, č. 21 (1988), s. 7
|
| 850 |
|
|
|a Slovenská národná knižnica v Martine
|a MTA001
|
| 852 |
|
|
|a SNK
|b KIS3GCP
|
| 954 |
|
|
|a odborná, vedecká literatúra pôvodná (slovenská)
|2 lita
|
| 957 |
|
|
|a 5100
|
| 958 |
|
|
|a OND
|
| 958 |
|
|
|a BX
|
| 958 |
|
|
|a RK
|
| 958 |
|
|
|a EUIPO
|
| 958 |
|
|
|a article27
|
| 992 |
|
|
|a RBX
|
| 999 |
|
|
|c 3227536
|d 3229466
|